Introduction to computer programming/ (Record no. 50156)
[ view plain ]
| 000 -LEADER | |
|---|---|
| fixed length control field | 00358nam a22001337a 4500 |
| 008 - FIXED-LENGTH DATA ELEMENTS--GENERAL INFORMATION | |
| fixed length control field | 170428b xxu||||| |||| 00| 0 eng d |
| 020 ## - INTERNATIONAL STANDARD BOOK NUMBER | |
| International Standard Book Number | 9780536178305 |
| 050 ## - LIBRARY OF CONGRESS CALL NUMBER | |
| Classification number | QA76.6 |
| Item number | .I58 2003 |
| 245 ## - TITLE STATEMENT | |
| Title | Introduction to computer programming/ |
| 260 ## - PUBLICATION, DISTRIBUTION, ETC. (IMPRINT) | |
| Place of publication, distribution, etc | Boston |
| Name of publisher, distributor, etc | Pearson custom |
| Date of publication, distribution, etc | 2003 |
| 300 ## - PHYSICAL DESCRIPTION | |
| Extent | xvi,868p |
| Dimensions | 30cm |
| 500 ## - GENERAL NOTE | |
| General note | includes index |
| 942 ## - ADDED ENTRY ELEMENTS (KOHA) | |
| Source of classification or shelving scheme | Library of Congress Classification |
| Item type | Book |
| Withdrawn status | Lost status | Source of classification or shelving scheme | Damaged status | Not for loan | Collection code | Home library | Current library | Shelving location | Date acquired | Source of acquisition | Cost, normal purchase price | Full call number | Barcode | Date last seen | Copy number | Price effective from | Koha item type |
|---|---|---|---|---|---|---|---|---|---|---|---|---|---|---|---|---|---|
| Lost | Library of Congress Classification | Non-fiction | Nairobi Campus | Nairobi Campus | General Circulation | 28/04/2017 | Donation-BFA | 3750.00 | QA76.6 .I58 2003 | 052978 | 25/08/2017 | 1 | 28/04/2017 | Book | |||
| Library of Congress Classification | Not For Loan | Non-fiction | Nairobi Campus | Nairobi Campus | Processing Center | 28/04/2017 | Donation-BFA | 3750.00 | QA76.6 .I58 2003 | 052979 | 1 | 28/04/2017 | CD/DVD |